Normal view
MARC view
- PAKISTAN HISTORY PAKISTAN HISTORY MILITARY INDIA HISTORY
Entry Topical Term
001 - CONTROL NUMBER
- control field: 68786
003 - CONTROL NUMBER IDENTIFIER
- control field: NUST
005 - DATE AND TIME OF LATEST TRANSACTION
- control field: 20210628204117.0
008 - FIXED-LENGTH DATA ELEMENTS
- fixed length control field: 210628|| aca||aabn | a|a d
040 ## - CATALOGING SOURCE
- Original cataloging agency: NUST
- Transcribing agency: NUST
150 ## - HEADING--TOPICAL TERM
- Topical term or geographic name entry element: PAKISTAN HISTORY PAKISTAN HISTORY MILITARY INDIA HISTORY
670 ## - SOURCE DATA FOUND
- Source citation: Work cat.: (NUST): Noor-Ul-Haq 68785, Making of pakistan , the military perspective, 1995
